| 000 | 00968nam a2200229 i 4500 | ||
|---|---|---|---|
| 001 | 159635 | ||
| 003 | ES-MaACL | ||
| 005 | 20231226204516.0 | ||
| 008 | 931025s1889 sp |||| | spa d | ||
| 110 | 1 |
_aOviedo. _bAyuntamiento. _96084 |
|
| 245 | 1 | 0 |
_aColección histórico-diplomática del Ayuntamiento de Oviedo / _cpor Ciriaco Miguel Vigil ; precedida de un discurso preliminar por Manuel Pedregal y Cañedo. |
| 260 |
_aOviedo : _bPardo, Gusano y Compañía, _c1889. |
||
| 300 |
_aXXXIV, 556 p. ; _c32 cm. |
||
| 530 | _aDisponible en formato digital. | ||
| 597 | _aPort. con esc. | ||
| 651 | 4 |
_aOviedo- _xHistoria- _vFuentes. _9157987 |
|
| 700 | 1 |
_aMiguel Vigil, Ciriaco. _9129911 |
|
| 700 | 1 |
_aPedregal Cañedo, Manuel, _d1831-1896 _9130930 |
|
| 852 |
_aES-MaACL _jB-2146 _z- Enc. hol. |
||
| 856 |
_uhttp://bibliotecavirtual.asturias.es/i18n/catalogo_imagenes/grupo.cmd?path=1002431 _zBiblioteca Virtual del Principado de Asturias |
||
| 999 |
_c159635 _d159635 |
||